El viajero de la tundra y otras historias

Salvato in:
Dettagli Bibliografici
Autore principale: Taniguchi, Jiro (Autore)
Natura: Libro
Lingua:spagnolo
Pubblicazione: París Ponent Mon 2015
Edizione:1a. ed
Soggetti:
Tags: Aggiungi Tag
Nessun Tag, puoi essere il primo ad aggiungerne!!

MARC

LEADER 00000cam a2200000 a 4500
001 UCC3654
003 CL-VaPUC
008 180531e20150000fr |||||||||||||||||spa|d
020 |a 9781910856093 
082 0 4 |a 859.603  |b TAN  |2 21 
100 0 |a Taniguchi, Jiro  |e author  |9 597717 
245 1 3 |a El viajero de la tundra y otras historias 
250 |a 1a. ed 
300 |a 242 p 
942 |c BK 
945 |d 20180531 16:15:00  |a dcastane 
260 |a París  |b Ponent Mon  |c 2015 
650 7 |a CUENTOS JAPONESES  |2 CL-VaPUC  |9 337455 
650 0 |a Literatura japonesa  |9 266543 
650 0 |a Novela gráfica  |9 561356 
583 |a last modification  |c 20180531 16:15:00  |k Rodrigo Vera 
999 |c 371346  |d 371344